Regions of Czechia with Map - Statistics

General Stats
  • This quiz has been taken 9,075 times
  • The average score is 7 of 14
Answers on the Map
Answers color-coded by a green-red scale on the quiz's map according to % correct below.
 
Answer Stats
Answer % Correct
Prague
98%
Plzeň
64%
Liberec
57%
Olomouc
52%
Karlovy Vary
51%
Ústí nad Labem
51%
Zlín
50%
Central Bohemia
49%
South Bohemia
49%
Pardubice
47%
South Moravia
46%
Hradec Králové
44%
Vysočina
39%
Moravia-Silesia
35%
No matching quizzes found
Score Distribution
Percent of People with Each Score
Percentile by Number Answered
Your Score History
You have not taken this quiz